Normal view
MARC view
- السياحة - البلاد العربية
Entry Topical Term
001 - CONTROL NUMBER
- control field: 51078
003 - CONTROL NUMBER IDENTIFIER
- control field: JO-AjAnu
005 - DATE AND TIME OF LATEST TRANSACTION
- control field: 20230606082414.0
008 - FIXED-LENGTH DATA ELEMENTS
- fixed length control field: 230606|| aca||aabn | a|a d
040 ## - CATALOGING SOURCE
- Original cataloging agency: JO-AjAnu
- Transcribing agency: JO-AjAnu
150 ## - HEADING--TOPICAL TERM
- Topical term or geographic name entry element: السياحة - البلاد العربية
670 ## - SOURCE DATA FOUND
- Source citation: Work cat.: (JO-AjAnu)26107: سلمان، زيد منير, author 51077, السياحة في الوطن العربي: دراسة لأهم المواقع السياحية والإرشاد والأدلة السياحية العربية